Geology of Egypt ... (Record no. 26390)
[ view plain ]
| 000 -LEADER | |
|---|---|
| fixed length control field | 01821cam a22003251 4500 |
| 001 - CONTROL NUMBER | |
| control field | gs 25000221 |
| 003 - CONTROL NUMBER IDENTIFIER | |
| control field | DLC |
| 005 - DATE AND TIME OF LATEST TRANSACTION | |
| control field | 20260227111329.0 |
| 008 - FIXED-LENGTH DATA ELEMENTS--GENERAL INFORMATION | |
| fixed length control field | 780214m19259999ua bf b 000 0 eng c |
| 010 ## - LIBRARY OF CONGRESS CONTROL NUMBER | |
| LC control number | gs 25000221 |
| 035 ## - SYSTEM CONTROL NUMBER | |
| System control number | (OCoLC)3638525 |
| 040 ## - CATALOGING SOURCE | |
| Original cataloging agency | U. S. Geol. Survey. Library. |
| Transcribing agency | CCC |
| Modifying agency | OCoLC |
| -- | DLC |
| 042 ## - AUTHENTICATION CODE | |
| Authentication code | premarc |
| 050 00 - LIBRARY OF CONGRESS CALL NUMBER | |
| Classification number | QE328 |
| Item number | .H78 |
| 082 ## - DEWEY DECIMAL CLASSIFICATION NUMBER | |
| Classification number | 556.2 |
| 100 1# - MAIN ENTRY--PERSONAL NAME | |
| Personal name | Hume, W. F. |
| Fuller form of name | (William Fraser), |
| Dates associated with a name | 1867-1949. |
| 245 10 - TITLE STATEMENT | |
| Title | Geology of Egypt ... |
| Statement of responsibility, etc. | by W. F. Hume; with preface by Col. H. G. Lyons; and a bibliography. |
| 260 ## - PUBLICATION, DISTRIBUTION, ETC. | |
| Place of publication, distribution, etc. | Cairo, |
| Name of publisher, distributor, etc. | Government Press, |
| Date of publication, distribution, etc. | 1925- |
| 300 ## - PHYSICAL DESCRIPTION | |
| Extent | v. |
| Other physical details | plates (part fold.; incl. maps, diagrs.) tables (part fold.) |
| Dimensions | 27 cm. |
| 500 ## - GENERAL NOTE | |
| General note | At head of title: Ministry of finance, Egypt. Survey of Egypt. |
| 500 ## - GENERAL NOTE | |
| General note | Folded maps in pocket. |
| 505 0# - FORMATTED CONTENTS NOTE | |
| Formatted contents note | I. The surface features of Egypt, their determining causes and relation to geological structure.--II. The fundamental Pre-Cambrian rocks of Egypt and the Sudan; their distribution age and character.--pt. 1. The metamorphic rocks, with preface by H. H. Thomas.--pt. 2. The later plutonic and minor intrusive rocks, with a special chapter dealing with dynamical geology (cataract structure and contact metamorphism) and the age of the Pre-Cambrian rocks in Egypt.--pt. 3. The minerals of economic value associated with the intrusive Pre-Cambrian igneous rocks and ancient sediments and methods suggested for the dating of historical and geological times. Written in collaboration with R. H. Greaves. |
| 504 ## - BIBLIOGRAPHY, ETC. NOTE | |
| Bibliography, etc. note | Bibliography: v. 1, p. 221-288. |
| 650 #0 - SUBJECT ADDED ENTRY--TOPICAL TERM | |
| Topical term or geographic name entry element | Geology |
| Geographic subdivision | Egypt. |
| 650 #0 - SUBJECT ADDED ENTRY--TOPICAL TERM | |
| Topical term or geographic name entry element | Geology |
| Geographic subdivision | Egypt |
| Form subdivision | Bibliography. |
| 650 #0 - SUBJECT ADDED ENTRY--TOPICAL TERM | |
| Topical term or geographic name entry element | Petrology |
| Geographic subdivision | Egypt. |
| 700 1# - ADDED ENTRY--PERSONAL NAME | |
| Personal name | Lyons, H. G. |
| Fuller form of name | (Henry George), |
| Dates associated with a name | 1864-1944. |
| 710 1# - ADDED ENTRY--CORPORATE NAME | |
| Corporate name or jurisdiction name as entry element | Egypt. |
| Subordinate unit | Maṣlaḥat al-Misāḥah. |
| 700 1# - ADDED ENTRY--PERSONAL NAME | |
| Personal name | Greaves, Richard Henry. |
No items available.